000 00747nam a2200265Ia 4500
003 OSt
005 20220912151451.0
006 a|||||r|||| 00| 0
007 ta
008 220909b |||||||| |||| 00| 0 eng d
020 _a0849386373 (hb)
024 _a2474
037 _cTextual
040 _aCSL
_beng
_cCSL
041 _aeng
082 _aD65,8(B)0bB311, N4
100 _aFriedman Menahem
245 0 _aFundamentals of computer numerical analysis
260 _aBoca
_bRaton CRC Press
_c1994
300 _a587p.
_ccm.
650 _aComputer Science Numerical Analysis
700 _a Kandel Abraham
942 _hD65,8(B)0bB311, N4
_cTEXL
_2CC
999 _c69187
_d69187